000 00423nam a2200169Ia 4500
008 230524s9999 xx 000 0 und d
020 _a9788131704363
082 _a5.133
_bITL
100 _aITL Education Solution Ltd.
245 0 _aIntroduction to Computer Science
250 _aIST
260 _aNEW DELHI
_bPearson
_c2008
300 _aXII;489
500 _aQuantity Number: 10
650 _aComp-Sc
942 _cBK
999 _c41472
_d41472